header

The Pinochet effect (Record no. 126290)

MARC details
000 -LEADER
fixed length control field 01741nam a2200409 a 4500
082 04 - DEWEY DECIMAL CLASSIFICATION NUMBER
Classification number 345/.04
100 1# - MAIN ENTRY--AUTHOR NAME
Personal name Roht-Arriaza, Naomi.
245 14 - TITLE STATEMENT
Title The Pinochet effect
260 ## - PUBLICATION, DISTRIBUTION, ETC. (IMPRINT)
Place of publication Philadelphia :
Name of publisher University of Pennsylvania Press,
Year of publication c2005.
300 ## - PHYSICAL DESCRIPTION
Number of Pages xiii, 256 p.
490 1# - SERIES STATEMENT
Series statement Pennsylvania studies in human rights
650 #0 - SUBJECT ADDED ENTRY--TOPICAL TERM
Topical Term Human rights
Topical Term Criminal liability (International law)
Topical Term Criminal jurisdiction.
856 40 - ELECTRONIC LOCATION AND ACCESS
Uniform Resource Identifier http://site.ebrary.com/lib/rucke/Doc?id=10491953

No items available.

© 2026 Rongo University
Contact us: librarian | system librarian | Rongo university